| 000 | 00502nam a2200133 a 4500 | ||
|---|---|---|---|
| 001 | 000035144 | ||
| 005 | 20200930074131.0 | ||
| 008 | 111025s1909 sp 000 0 spa d | ||
| 040 |
_aDO-SdBNP _bspa _cBNPHU |
||
| 100 | 1 |
_aBretón, Mario _960851 |
|
| 245 | 1 | 3 |
_aEl bachiller medina : _bZarzuela en un acto, dividido en tres cuadros, en verso y prosa / _cMario Bretón, Justo Huete Ordóñez, Emilio Carrere. |
| 260 |
_aMadrid : _bSociedad de Autores Españoles R. Velasco, _c1909. |
||
| 300 |
_a43 p. ; _c21 cm. |
||
| 999 |
_c34635 _d34635 |
||